Type the Number (Easy) - Statistics

General Stats
  • This quiz has been taken 27 times
  • The average score is 5 of 5
Answer Stats
Hint Answer % Correct
1 1
100%
100 100
100%
11 11
100%
12 12
100%
13 13
100%
15 15
100%
16 16
100%
18 18
100%
19 19
100%
20 20
100%
21 21
100%
23 23
100%
25 25
100%
26 26
100%
27 27
100%
28 28
100%
29 29
100%
3 3
100%
30 30
100%
32 32
100%
33 33
100%
34 34
100%
35 35
100%
38 38
100%
39 39
100%
4 4
100%
41 41
100%
42 42
100%
43 43
100%
44 44
100%
45 45
100%
46 46
100%
47 47
100%
48 48
100%
49 49
100%
5 5
100%
50 50
100%
51 51
100%
52 52
100%
53 53
100%
54 54
100%
55 55
100%
56 56
100%
57 57
100%
58 58
100%
59 59
100%
6 6
100%
60 60
100%
61 61
100%
62 62
100%
66 66
100%
67 67
100%
68 68
100%
69 69
100%
70 70
100%
71 71
100%
74 74
100%
75 75
100%
77 77
100%
78 78
100%
79 79
100%
8 8
100%
80 80
100%
81 81
100%
82 82
100%
84 84
100%
85 85
100%
86 86
100%
87 87
100%
9 9
100%
90 90
100%
92 92
100%
93 93
100%
95 95
100%
96 96
100%
97 97
100%
98 98
100%
99 99
100%
65 65
50%
10 10
0%
14 14
0%
17 17
0%
2 2
0%
22 22
0%
24 24
0%
31 31
0%
36 36
0%
37 37
0%
40 40
0%
63 63
0%
64 64
0%
7 7
0%
72 72
0%
73 73
0%
76 76
0%
83 83
0%
88 88
0%
89 89
0%
91 91
0%
94 94
0%
No matching quizzes found
Score Distribution
Percent of People with Each Score
Percentile by Number Answered
Your Score History
You have not taken this quiz